00609nam a2200169 a 4500008004100000020001800041050001500059100002600074245014800100260003500248300003300283650001600316650002300332650003300355650002600388700002500414211203s2018 ||||||||||||||||| || u a9780444641571 aQD 172 Han aBunzli, Jean-Claude G10aHandbook on the physics and chemistry of rare earths [including actinides], volume 53cEdited by Jean-Claude G. Bunzli and Vitalij K. Pecharsky aAmsterdambNorth-Hollandc2018 ac, 269 pages : illustrations 0aRARE EARTHS aRARE EARTHS METALS aRARE EARTHS METALS--SURFACES aRARE EARTHS COMPOUNDS aPecharsky, Vitalij K